000 00524nam a22001937a 4500
003 LK-CoMWRAF
005 20231014005219.0
008 231014b1994 |||||||| |||| 00| 0 eng d
020 _a1566080061
040 _aLK-CoMWRAF
_dLK-CoMWRAF
_eLK-CoMWRAF
041 _aeng
082 _a808.51
_bOBE
100 _aOberg, Brent C.
245 _aSpeechcraft:
_ban introduction to public speaking
260 _aColorado Springs:
_bMeriwether,
_c1994
300 _aviii, 159 p. ; 22 cm.
650 _aPUBLIC SPEAKING
942 _cBK
999 _c3852
_d3852